Manuel de zootechnie comparee Nord-Sud / (Record no. 15846)
[ view plain ]
| 000 -LEADER | |
|---|---|
| fixed length control field | 00650nam a22002294a 4500 |
| 020 ## - INTERNATIONAL STANDARD BOOK NUMBER | |
| ISBN | 2738010555 |
| 020 ## - INTERNATIONAL STANDARD BOOK NUMBER | |
| ISBN | 9782738010551 |
| 040 ## - CATALOGING SOURCE | |
| Transcribing agency | CAI |
| 082 ## - DEWEY DECIMAL CLASSIFICATION NUMBER | |
| Classification number | 636 INR 2005 A090 Or. |
| 245 00 - TITLE STATEMENT | |
| Title | Manuel de zootechnie comparee Nord-Sud / |
| 260 ## - PUBLICATION, DISTRIBUTION, ETC. (IMPRINT) | |
| Place of publication | Paris : |
| Name of publisher | INRA Editions, |
| Year of publication | c2005. |
| 300 ## - PHYSICAL DESCRIPTION | |
| Number of Pages | xvii, 637 p. : |
| Other physical details | ill. ; |
| Dimensions | 24 cm. |
| 500 ## - GENERAL NOTE | |
| General note | Co-publ. par: AUF, Agence universitaire de la Francophone. |
| 650 #6 - SUBJECT ADDED ENTRY--TOPICAL TERM | |
| Topical Term | Elevage. |
| 650 #6 - SUBJECT ADDED ENTRY--TOPICAL TERM | |
| Topical Term | Systemes agricoles. |
| 650 #6 - SUBJECT ADDED ENTRY--TOPICAL TERM | |
| Topical Term | Medecine veterinaire. |
| 650 #0 - SUBJECT ADDED ENTRY--TOPICAL TERM | |
| Topical Term | Animal breeding. |
| 650 #0 - SUBJECT ADDED ENTRY--TOPICAL TERM | |
| Topical Term | Agricultural systems. |
| 650 #0 - SUBJECT ADDED ENTRY--TOPICAL TERM | |
| Topical Term | Veterinary medicine. |
| 700 1# - ADDED ENTRY--PERSONAL NAME | |
| Personal name | Thewis, A. |
| 942 ## - ADDED ENTRY ELEMENTS (KOHA) | |
| Koha item type | សៀវភៅភាសាអង់គ្លេស |
| 952 ## - LOCATION AND ITEM INFORMATION (KOHA) | |
| Withdrawn status [LOCAL, KOHA] | 0 |
| 952 ## - LOCATION AND ITEM INFORMATION (KOHA) | |
| Withdrawn status [LOCAL, KOHA] | 0 |
| Permanent Location | Date acquired | Koha item type | Lost status | Shelving location | Barcode | Current Location | Full call number |
|---|---|---|---|---|---|---|---|
| Library Block A | 2017-12-13 | សៀវភៅភាសាអង់គ្លេស | A090 | A13153 | Library Block A | 636 INR 2005 A090 Or. | |
| Library Block A | 2017-12-13 | សៀវភៅភាសាអង់គ្លេស | A090 | A10201 | Library Block A | 636 INR 2005 A090 Or. |